| 000 | 01177nam a2200253 i 4500 | ||
|---|---|---|---|
| 001 | 54371 | ||
| 003 | ES-MaACL | ||
| 005 | 20250831060937.0 | ||
| 007 | t| | ||
| 008 | 960705s1863 sp ||||1| spa d | ||
| 080 | _a34.096 Fontanellas y Sala, Claudio | ||
| 080 | _a343.553 | ||
| 100 | 1 |
_aGarcía Gómez de la Serna, Críspulo. _954703 |
|
| 245 | 1 | 0 |
_aAcusación pronunciada por el teniente fiscal D. Críspulo García Gómez de la Serna ante la... Audiencia de Barcelona, en la vista de la causa formada sobre usurpaciones del estado civil de D. Claudio Fontanellas : _bprecedida del discurso pronunciado por D. Ricardo Ventosa... y seguida de la sentencia dictada por la misma sala. |
| 260 |
_aBarcelona : _b[s.n.], _c1863 ( _fEstab. tip. de Narciso Ramírez y Rialp) |
||
| 300 |
_a92 p. ; _c26 cm. |
||
| 530 | _aDisponible en formato digital. | ||
| 650 | 7 |
_aUsurpación de estado civil _2embne _9155831 |
|
| 700 | 1 |
_aVentosa, Ricardo. _9113908 |
|
| 700 | 1 |
_aFontanellas y Sala, Claudio _x-Procesos. _951614 |
|
| 852 | 4 |
_aES-MaACL _jT-75-F-6 |
|
| 856 | 4 |
_uhttp://bdh-rd.bne.es/viewer.vm?id=0000114432&page=1 _zBiblioteca Digital Hispánica |
|
| 999 |
_c54371 _d54371 |
||